I brutti anatroccoli

Salvato in:
Dettagli Bibliografici
Autore principale: Paterlini Piergiorgio
Natura: Libro
Lingua:lingua imprecisata
Pubblicazione: Milano Feltrinelli 1994
Tags: Aggiungi Tag
Nessun Tag, puoi essere il primo ad aggiungerne!!

MARC

LEADER 00000nam a2200000Ia 4500
001 124
003 NUMERAZIONE-ORIGINALE-BRESCIA
005 20260206230748.0
008 260206s9999 xx 000 0 und d
100 |a Paterlini Piergiorgio 
245 0 |a I brutti anatroccoli 
260 |a Milano 
260 |b Feltrinelli 
260 |c 1994 
500 |a Anni Novanta 
500 |a Dieci storie vere 
942 |2 ddc  |c BK  |n 0 
952 |0 0  |1 0  |2 ddc  |4 0  |6 12  |7 0  |9 28314  |a BS  |b BS  |d 2026-02-06  |i 124  |l 0  |o 1-2-*  |r 2026-02-06 22:40:32  |w 2026-02-06  |x [REVISIONARE]  |y BK 
999 |c 24005  |d 24005